000 01082nam0a22002771 4500
001 rc\2559934
005 20250623104411.0
035 _a(NLR Aleph) 006724858
090 _a5482236
_c5482236
100 _a20110914d1927 |||y0rusy50 ca
101 0 _arus
102 _aRU
105 _aa z |||||
200 1 _aЦыгане на эстраде
_fРостислав Блюменау
_gС предисл. проф. Е. П. Иванова
_gОбложка работы худож. В. Козлинского
210 _aМосква
_aЛенинград
_cКино-изд-во РСФСР Кинопечать
_d1927
_e[Москва]
_gтип. Госиздата "Красный пролетарий"
215 _a31 с.
_cил.
_d15х12 см.
700 1 _aБлюменау
_bР.В.
_gРостислав Владимирович
702 1 _aКозлинский
_bВ.
_4440
702 1 _aИванов
_bЕ.П.
_4080
801 0 _aRU
_bNLR
_gpsbo
801 1 _aRU
_bELAR
_2rusmarc
852 _aNLR
_j61/194
852 _aNLR
_jМф К-1/3732
942 _cBOOK
980 _aNB